000 01332nam0a22003011 4500
001 rc\2749798
005 20250529144427.0
035 _a(NLR Aleph) 006876724
090 _a7004560
_c7004560
100 _a20110915d1939 |||y0rusy50 ca
101 0 _arus
102 _aRU
105 _aa z 000zy
200 1 _aЕздовые собаки Чукотки
_fИ. Тихоненко, ветфельдшер Чаун. культбазы Главсевморпути
_gПолитуправление Главсевморпути
210 _aЛенинград
_cИзд-во Главсевморпути
_d1939
215 _a39 с.
_cил., черт.
_d20
225 1 _aБиблиотечка "Стахановцы Арктики"
_vкн. 9
606 1 _aЕздовое собаководство
_yЧукотский национальный округ
_92239534
_3RU\NLR\AUTH\6601575422
617 _aСССР
_mАзиатская часть
_mСеверо-Восток
_mЧукотский полуостров
686 _aП673-613(2Р55-4М-6Чу)
700 1 _aТихоненко
_bИ. Д.
_gИван Дмитриевич
_9146599
_3RU\NLR\AUTH\770146635
801 0 _aRU
_bNLR
_gpsbo
801 1 _aRU
_bELAR
_2rusmarc
801 2 _aRU
_bNLR
_c20150701
_2rusmarc
852 _aNLR
_j39-10/5332
942 _cBOOK
980 _aNB